000 00422nam a2200181Ia 4500
001 2323
005 20260306144758.0
008 260306t2016||||xx |||||||||||||| ||spa||
041 _aESP
082 _a616.86
_bB34
100 _aBecoña Iglesias, Elisardo
_eAUT
245 0 _aTrastornos adictivos
260 _c2016
300 _a340 páginas :
_c21 cm.
650 _aGEN
654 _aCPS
942 _cLIB
_dJUS
_fJUS
_2ddc
_n
999 _c2323
_d2323